000 00572nam a22001817a 4500
003 OSt
005 20140310182023.0
008 130801t xxu||||| |||| 00| 0 eng d
050 _aLB 3060
_b.J41 1995
082 _aTR 371.24
_bJ32 1995
100 _aJavier, Jesus Q.
_97195
245 _aNational elementary assessment test NEAT reviewer/ practice test /
_cJesus Q. Javier.
260 _aParaƱaque, Metro Manila :
_bHope Publishing House,
_cc1995.
300 _a32 p. :
_bill. ;
_c27 cm.
650 _aNEAT
_xReviewer.
_97196
942 _2lcc
_cBK-TR
_kTR
999 _c8397
_d8397